[Event "Remco Heite op 5th"]
[Site "Wolvega"]
[Date "2014.11.16"]
[Round "6"]
[White "Van den Doel, Erik"]
[Black "Struik, Tjapko"]
[Result "1/2-1/2"]
[WhiteElo "2561"]
[BlackElo "2273"]
[PlyCount "107"]
[EventDate "2014.11.15"]
[EventType "swiss"]
[EventRounds "9"]
[EventCountry "NED"]
[SourceTitle "EXT 2015"]
[Source "ChessBase"]
[SourceDate "2014.11.20"]
[SourceVersion "1"]
[SourceVersionDate "2014.11.20"]
[SourceQuality "1"]

1. e4 c5 2. Nf3 e6 3. g3 Nc6 4. Bg2 Nf6 5. Qe2 Be7 6. c3 d5 7. e5 Nd7 8. d4 a5 9. 0-0 b6 10. Re1 Ba6 11. Qd1 b5 12. h4 h6 13. a3 b4 14. axb4 axb4 15. Be3 Bb5 16. Nbd2 Rxa1 17. Qxa1 c4 18. h5 Nb6 19. Nh2 Na4 20. f4 Qa5 21. Rc1 Kd7 22. f5 Ra8 23. f6 Nxc3 24. Qxa5 Ne2+ 25. Kf2 Nxa5 26. Ra1 gxf6 27. Bf1 Nxd4 28. Bxd4 fxe5 29. Bb6 Bd8 30. Bxd8 Kxd8 31. Ng4 e4 32. Nxh6 Ke7 33. Ng4 f5 34. Ne3 Bc6 35. Nc2 c3 36. bxc3 bxc3 37. Nb1 Nb3 38. Rxa8 Bxa8 39. Nxc3 d4 40. Nb5 e5 41. Bc4 Nd2 42. Ba2 e3+ 43. Ke1 Nf3+ 44. Ke2 Bc6 45. Nc7 Ng5 46. Nd5+ Kd6 47. Ndxe3 Bf3+ 48. Kf2 dxe3+ 49. Nxe3 f4 50. Nc4+ Ke7 51. Nxe5 fxg3+ 52. Kxg3 Bxh5 53. Kh4 Nf3+ 54. Nxf3 1/2-1/2

[Event "Groningen Atlantis op"]
[Site "Groningen"]
[Date "2014.08.30"]
[Round "5"]
[White "Balje, Jan"]
[Black "Struik, Tjapko"]
[Result "1-0"]
[WhiteElo "2217"]
[BlackElo "2292"]
[PlyCount "61"]
[EventDate "2014.08.28"]
[EventType "swiss"]
[EventRounds "7"]
[EventCountry "NED"]
[SourceTitle "CBM 162 Extra"]
[Source "ChessBase"]
[SourceDate "2014.10.17"]
[SourceVersion "1"]
[SourceVersionDate "2014.10.17"]
[SourceQuality "1"]

1. Nf3 e6 2. c4 Nf6 3. g3 b6 4. Bg2 Bb7 5. 0-0 c5 6. Nc3 Nc6 7. e4 a6 8. d4 cxd4 9. Nxd4 Qc7 10. b3 Rc8 11. Nde2 Be7 12. Be3 Ng4 13. Bf4 d6 14. Rc1 Nce5 15. h3 Nf6 16. Be3 Ned7 17. g4 Nc5 18. Ng3 0-0 19. g5 Ne8 20. f4 Qb8 21. h4 Bd8 22. Qe2 Bc7 23. f5 d5 24. fxe6 Nxe6 25. exd5 Bxg3 26. dxe6 Nd6 27. Nd5 Rfe8 28. Qg4 fxe6 29. Nf6+ Kh8 30. Nxe8 Rxe8 31. Qxg3 1-0

[Event "Groningen Atlantis op"]
[Site "Groningen"]
[Date "2014.08.29"]
[Round "3"]
[White "Kollen, Zyon"]
[Black "Struik, Tjapko"]
[Result "1-0"]
[WhiteElo "2196"]
[BlackElo "2292"]
[PlyCount "109"]
[EventDate "2014.08.28"]
[EventType "swiss"]
[EventRounds "7"]
[EventCountry "NED"]
[SourceTitle "CBM 162 Extra"]
[Source "ChessBase"]
[SourceDate "2014.10.17"]
[SourceVersion "1"]
[SourceVersionDate "2014.10.17"]
[SourceQuality "1"]

1. e4 c5 2. Nf3 e6 3. d4 cxd4 4. Nxd4 Nf6 5. Nc3 d6 6. Be3 Be7 7. f3 0-0 8. Qd2 Nc6 9. 0-0-0 a6 10. g4 Nd7 11. h4 Nde5 12. Qf2 b5 13. g5 Bd7 14. Rg1 b4 15. Nxc6 Bxc6 16. Ne2 Nc4 17. Nd4 Nxe3 18. Qxe3 Bd7 19. h5 Qa5 20. Kb1 Rac8 21. Bh3 Qc5 22. Qd2 Rc7 23. f4 a5 24. f5 exf5 25. exf5 Rfc8 26. Qd3 Qc4 27. f6 Qxd3 28. Rxd3 Bf8 29. Bxd7 Rxd7 30. Re3 d5 31. Re5 Kh8 32. Rge1 h6 33. Nf5 Rdd8 34. Re7 gxf6 35. gxf6 Bxe7 36. fxe7 Re8 37. Nxh6 Rc7 38. Nf5 d4 39. b3 Kh7 40. Re4 f6 41. Re6 d3 42. cxd3 Rec8 43. Re1 Re8 44. d4 Rd7 45. Re6 Kg8 46. Rxf6 Rexe7 47. Nxe7+ Rxe7 48. Rf2 Re1+ 49. Kc2 Rh1 50. Kd3 Rxh5 51. Kc4 Kg7 52. d5 Rh1 53. Kb5 Rd1 54. Kxa5 Rxd5+ 55. Kxb4 1-0

[Event "Groningen Atlantis op"]
[Site "Groningen"]
[Date "2014.08.29"]
[Round "2"]
[White "Struik, Tjapko"]
[Black "Ernst, Sipke"]
[Result "1/2-1/2"]
[WhiteElo "2292"]
[BlackElo "2566"]
[PlyCount "90"]
[EventDate "2014.08.28"]
[EventType "swiss"]
[EventRounds "7"]
[EventCountry "NED"]
[SourceTitle "CBM 162 Extra"]
[Source "ChessBase"]
[SourceDate "2014.10.17"]
[SourceVersion "1"]
[SourceVersionDate "2014.10.17"]
[SourceQuality "1"]

1. Nc3 Nf6 2. e4 e5 3. Bc4 Nc6 4. d3 Bb4 5. Nf3 d5 6. exd5 Nxd5 7. Bd2 Bxc3 8. bxc3 0-0 9. 0-0 Bg4 10. h3 Bh5 11. Re1 Qd6 12. Rb1 Nb6 13. Bb5 Rfe8 14. g4 Bg6 15. Nh4 a6 16. Bxc6 Qxc6 17. Nxg6 hxg6 18. Re4 Nd7 19. Rc4 Qd5 20. a4 Nc5 21. Qf1 b6 22. Qg2 Rad8 23. Be3 Ne6 24. Rbb4 Kf8 25. a5 Qxa5 26. Ra4 Qb5 27. Rcb4 Qd7 28. Rxa6 Nf4 29. Bxf4 exf4 30. Rd4 Qe6 31. Rxd8 Rxd8 32. Ra8 Qe1+ 33. Kh2 Rxa8 34. Qxa8+ Ke7 35. Qa3+ Kf6 36. Kg2 Qe6 37. Qa8 Qd6 38. Qe4 Qe5 39. Qxe5+ Kxe5 40. Kf3 b5 41. Kg2 Kf6 42. f3 Kg5 43. Kf2 Kh4 44. Kg2 Kg5 45. Kf2 Kh4 1/2-1/2

[Event "Dieren op"]
[Site "Dieren"]
[Date "2014.07.24"]
[Round "3"]
[White "Losekoot, Pascal"]
[Black "Struik, Tjapko"]
[Result "1-0"]
[WhiteElo "2114"]
[BlackElo "2292"]
[PlyCount "127"]
[EventDate "2014.07.22"]
[EventType "swiss"]
[EventRounds "9"]
[EventCountry "NED"]
[SourceTitle "CBM 161 Extra"]
[Source "ChessBase"]
[SourceDate "2014.08.29"]
[SourceVersion "1"]
[SourceVersionDate "2014.08.29"]
[SourceQuality "1"]

1. e4 c5 2. Nf3 e6 3. d4 cxd4 4. Nxd4 Nf6 5. Nc3 d6 6. Be2 Be7 7. Be3 0-0 8. 0-0 a6 9. f4 Qc7 10. a4 Nc6 11. Kh1 Re8 12. a5 Nxa5 13. e5 dxe5 14. fxe5 Qxe5 15. Bf4 Qc5 16. Na4 Qa7 17. Bc7 b5 18. Bxa5 bxa4 19. Bf3 Nd5 20. Bxd5 exd5 21. Rxf7 Kxf7 22. Qh5+ Kg8 23. Qxe8+ Bf8 24. Rf1 Bf5 25. Qe5 Be4 26. Qe6+ Kh8 27. Nc6 Qc5 28. Ne5 h6 29. Bc3 Kh7 30. Nd7 Qe7 31. Qxe7 Bxe7 32. Rf7 Bf8 33. Rxf8 Rxf8 34. Nxf8+ Kg8 35. Ne6 Bxc2 36. Nxg7 Kf7 37. Kg1 Ke7 38. Kf2 Kd6 39. Bd4 Kc6 40. Be3 Kb5 41. Bxh6 Kc4 42. Ne6 Bf5 43. Nc7 d4 44. Nxa6 Bc8 45. Nc7 Kb3 46. Nb5 d3 47. Ke1 Kxb2 48. Kd2 Kb3 49. Bg7 a3 50. h3 a2 51. g4 Bd7 52. Nd6 Kb4 53. Kxd3 Kc5 54. Ne4+ Kc6 55. Bb2 Bc8 56. Kd4 Kd7 57. Ke5 Ke7 58. Kf4 Kf8 59. h4 Kg8 60. h5 Ba6 61. g5 Be2 62. Ng3 Bd1 63. g6 Bc2 64. Kg5 1-0

[Event "Groningen op-A 51st"]
[Site "Groningen"]
[Date "2013.12.29"]
[Round "8"]
[White "Struik, Tjapko"]
[Black "Willemze, Thomas"]
[Result "1/2-1/2"]
[WhiteElo "2262"]
[BlackElo "2421"]
[PlyCount "93"]
[EventDate "2013.12.21"]
[EventType "swiss"]
[EventRounds "9"]
[EventCountry "NED"]
[SourceTitle "CBM 158 Extra"]
[Source "ChessBase"]
[SourceDate "2014.02.28"]
[SourceVersion "1"]
[SourceVersionDate "2014.02.28"]
[SourceQuality "1"]

1. e4 c6 2. Nc3 d5 3. Nf3 Bg4 4. h3 Bxf3 5. Qxf3 Nf6 6. d3 e6 7. Bd2 Nbd7 8. g4 h6 9. h4 Qb6 10. 0-0-0 0-0-0 11. Bh3 dxe4 12. dxe4 Ne5 13. Qe2 g5 14. hxg5 hxg5 15. Bxg5 Rxd1+ 16. Rxd1 Bg7 17. Be3 Qa5 18. Bg2 Nfxg4 19. Bd2 Rd8 20. f4 Nf2 21. fxe5 Nxd1 22. Qxd1 Qxe5 23. Qf1 Qg3 24. Bf4 Qh4 25. Be3 Bxc3 26. bxc3 Rg8 27. Qxf7 Rxg2 28. Qxe6+ Kd8 29. Qd6+ Ke8 30. Qb8+ Kf7 31. Qxb7+ Kg8 32. Qc8+ Kh7 33. Qf5+ Rg6 34. Bxa7 Qg5+ 35. Qxg5 Rxg5 36. Bd4 Ra5 37. Kb2 c5 38. Kb3 cxd4 39. cxd4 Kg6 40. c4 Kf6 41. a4 Ke6 42. Kb4 Ra8 43. a5 Rb8+ 44. Kc5 Rc8+ 45. Kb5 Rb8+ 46. Kc6 Rc8+ 47. Kb5 1/2-1/2

[Event "Groningen op-A 51st"]
[Site "Groningen"]
[Date "2013.12.28"]
[Round "7"]
[White "Goudriaan, Etienne"]
[Black "Struik, Tjapko"]
[Result "1/2-1/2"]
[WhiteElo "2429"]
[BlackElo "2262"]
[PlyCount "120"]
[EventDate "2013.12.21"]
[EventType "swiss"]
[EventRounds "9"]
[EventCountry "NED"]
[SourceTitle "CBM 158 Extra"]
[Source "ChessBase"]
[SourceDate "2014.02.28"]
[SourceVersion "1"]
[SourceVersionDate "2014.02.28"]
[SourceQuality "1"]

1. d4 Nf6 2. c4 e6 3. Nc3 Bb4 4. e3 b6 5. Nge2 Ba6 6. Ng3 0-0 7. e4 Bxc3+ 8. bxc3 d6 9. Bd3 e5 10. Bg5 h6 11. h4 Nbd7 12. Qf3 Re8 13. 0-0-0 hxg5 14. hxg5 Nh7 15. Rxh7 Qxg5+ 16. Kc2 Nf6 17. Rh2 g6 18. Rdh1 Kg7 19. Ne2 Rh8 20. Rxh8 Rxh8 21. Rxh8 Kxh8 22. Qh3+ Kg7 23. g3 Qg4 24. Qf1 Qf3 25. Ng1 Qh1 26. f3 Qh2+ 27. Ne2 Nh5 28. g4 Nf4 29. Qg1 Qxg1 30. Nxg1 Kf6 31. Bf1 Kg5 32. Kd2 c5 33. Ke3 Kh4 34. d5 Kg3 35. Ne2+ Nxe2 36. Bxe2 Bc8 37. Bd3 Bd7 38. Bc2 Be8 39. Bb3 f6 40. Bd1 Bd7 41. Bc2 Kg2 42. Ke2 b5 43. Bd3 bxc4 44. Bxc4 Ba4 45. Bd3 Kg3 46. c4 Kf4 47. Bb1 Bd7 48. Bc2 a5 49. Kf2 Bc8 50. Bb1 Bd7 51. Bc2 Bc8 52. Bb1 Bxg4 53. fxg4 Kxg4 54. Ke3 f5 55. exf5 gxf5 56. Bc2 Kg5 57. Ba4 Kg4 58. Bd7 Kg5 59. Kf3 Kf6 60. Bc8 Kg5 1/2-1/2

[Event "Groningen op-A 51st"]
[Site "Groningen"]
[Date "2013.12.26"]
[Round "5"]
[White "Svane, Rasmus"]
[Black "Struik, Tjapko"]
[Result "0-1"]
[WhiteElo "2472"]
[BlackElo "2262"]
[PlyCount "120"]
[EventDate "2013.12.21"]
[EventType "swiss"]
[EventRounds "9"]
[EventCountry "NED"]
[SourceTitle "CBM 158 Extra"]
[Source "ChessBase"]
[SourceDate "2014.02.28"]
[SourceVersion "1"]
[SourceVersionDate "2014.02.28"]
[SourceQuality "1"]

1. d4 Nf6 2. c4 e6 3. Nc3 Bb4 4. e3 b6 5. Nge2 Ba6 6. a3 Bxc3+ 7. Nxc3 d5 8. Qf3 0-0 9. cxd5 Nxd5 10. Bxa6 Nxa6 11. e4 Nxc3 12. bxc3 c5 13. Qe2 Qc8 14. 0-0 Rd8 15. Bb2 Nb8 16. Rad1 Qa6 17. dxc5 Rc8 18. c4 Nc6 19. Rd7 e5 20. cxb6 axb6 21. Rfd1 h6 22. h3 Ra7 23. Rxa7 Qxa7 24. Qg4 Rc7 25. Rd6 Qa4 26. Bc1 h5 27. Qxh5 Qxc4 28. Be3 Qxe4 29. Bxb6 Qb1+ 30. Kh2 Qxb6 31. Qxe5 Nxe5 32. Rxb6 Ra7 33. Rb5 Nc4 34. Rc5 Nxa3 35. f4 Ra4 36. f5 Rc4 37. Re5 Rc8 38. g4 Nc4 39. Re7 Rd8 40. Re4 Nd2 41. Rf4 Rd4 42. Rxd4 Nf3+ 43. Kg3 Nxd4 44. Kf4 Kf8 45. h4 Nc6 46. g5 Ne7 47. Kg4 Ng8 48. Kf4 Ke7 49. Ke5 f6+ 50. Ke4 Kd6 51. Kd4 Kc6 52. Ke4 Kc5 53. Kf4 Kd5 54. Kf3 Ke5 55. Kg4 Ke4 56. gxf6 gxf6 57. Kh5 Ne7 58. Kh6 Nxf5+ 59. Kg6 Ke5 60. h5 Ke6 0-1

[Event "Groningen op-A 51st"]
[Site "Groningen"]
[Date "2013.12.23"]
[Round "3"]
[White "Keetman, Maaike"]
[Black "Struik, Tjapko"]
[Result "0-1"]
[WhiteElo "1899"]
[BlackElo "2262"]
[PlyCount "84"]
[EventDate "2013.12.21"]
[EventType "swiss"]
[EventRounds "9"]
[EventCountry "NED"]
[SourceTitle "CBM 158 Extra"]
[Source "ChessBase"]
[SourceDate "2014.02.28"]
[SourceVersion "1"]
[SourceVersionDate "2014.02.28"]
[SourceQuality "1"]

1. e4 c5 2. Nf3 e6 3. d4 cxd4 4. Nxd4 Nf6 5. Nc3 d6 6. Be3 Be7 7. f3 0-0 8. Qd2 a6 9. 0-0-0 Nc6 10. g4 Nd7 11. Kb1 Nde5 12. Be2 Qc7 13. h4 Na5 14. Bf2 b5 15. Nf5 exf5 16. Nd5 Qb7 17. Qxa5 fxe4 18. fxe4 Bd8 19. Qc3 Be6 20. Ne3 Qxe4 21. Rhf1 Rc8 22. Qd2 Bb6 23. Nf5 Bxf5 24. gxf5 Bxf2 25. Rxf2 Qxh4 26. Rg2 Qf6 27. Rdg1 g6 28. Qh6 Rc6 29. Rf1 Nc4 30. Bxc4 Rxc4 31. Rh2 Qg7 32. Qxg7+ Kxg7 33. f6+ Kg8 34. Rh6 Re8 35. Kc1 Re2 36. Rfh1 Rcxc2+ 37. Kd1 Red2+ 38. Ke1 Rg2 39. Kd1 Rxb2 40. Kc1 Rxa2 41. Kb1 Raf2 42. Rxh7 Rg1+ 0-1

[Event "Waling Dijkstra Gr-A"]
[Site "Leeuwarden"]
[Date "2009.11.15"]
[Round "5"]
[White "Lalic, Bogdan"]
[Black "Struik, Tjapko"]
[Result "1-0"]
[WhiteElo "2503"]
[BlackElo "2240"]
[PlyCount "37"]
[EventDate "2009.11.13"]
[EventType "swiss"]
[EventRounds "6"]
[EventCountry "NED"]
[SourceTitle "EXT 2010"]
[Source "ChessBase"]
[SourceDate "2010.11.25"]
[SourceVersion "1"]
[SourceVersionDate "2010.11.25"]
[SourceQuality "1"]

1. c4 Nf6 2. Nf3 e6 3. Nc3 c5 4. g3 b6 5. Bg2 Bb7 6. 0-0 Nc6 7. e4 d6 8. d4 cxd4 9. Nxd4 Be7 10. e5 Nxd4 11. exf6 Bxg2 12. fxe7 Qc7 13. Kxg2 Qxc4 14. Be3 Qc6+ 15. f3 Nf5 16. Bf2 d5 17. Rc1 Nxe7 18. Qd3 Qd7 19. Nb5 1-0

[Event "Waling Dijkstra Gr-A"]
[Site "Leeuwarden"]
[Date "2009.11.14"]
[Round "2"]
[White "Vovk, Yuri"]
[Black "Struik, Tjapko"]
[Result "1-0"]
[WhiteElo "2546"]
[BlackElo "2240"]
[PlyCount "71"]
[EventDate "2009.11.13"]
[EventType "swiss"]
[EventRounds "6"]
[EventCountry "NED"]
[SourceTitle "EXT 2010"]
[Source "ChessBase"]
[SourceDate "2010.11.25"]
[SourceVersion "1"]
[SourceVersionDate "2010.11.25"]
[SourceQuality "1"]

1. e4 c5 2. Nf3 e6 3. d4 cxd4 4. Nxd4 Nf6 5. Nc3 d6 6. g4 h6 7. Bg2 Nc6 8. h3 Nxd4 9. Qxd4 e5 10. Qd3 Be6 11. Be3 a6 12. 0-0-0 b5 13. f4 Qa5 14. Nd5 Bxd5 15. exd5 Nd7 16. Kb1 Be7 17. h4 Rc8 18. g5 Qb4 19. Bh3 Rc7 20. Bxd7+ Rxd7 21. fxe5 dxe5 22. gxh6 gxh6 23. Qf5 Qd6 24. Rhf1 Kd8 25. Qe4 f6 26. c4 bxc4 27. Qxc4 Rc7 28. Qb3 Ke8 29. Rc1 Rxc1+ 30. Rxc1 Qd7 31. Qd3 Kf7 32. h5 f5 33. Rf1 Kf6 34. Qxa6+ Bd6 35. Bc5 Ke7 36. Rg1 1-0

[Event "Dieren op"]
[Site "Dieren"]
[Date "2007.08.02"]
[Round "9"]
[White "Struik, Tjapko"]
[Black "Grooten, Herman"]
[Result "1-0"]
[WhiteElo "2185"]
[BlackElo "2370"]
[PlyCount "127"]
[EventDate "2007.07.24"]
[EventType "swiss"]
[EventRounds "9"]
[EventCountry "NED"]
[SourceTitle "CBM 119 Extra"]
[Source "ChessBase"]
[SourceDate "2007.09.04"]
[SourceVersion "1"]
[SourceVersionDate "2007.09.04"]
[SourceQuality "1"]

1. e4 c6 2. d4 d5 3. e5 Bf5 4. Nf3 e6 5. Be2 Nd7 6. 0-0 Bg6 7. Nbd2 Nh6 8. Nb3 Nf5 9. a4 h5 10. a5 h4 11. Re1 Bh5 12. Bd2 Be7 13. Rc1 b5 14. axb6 Qxb6 15. Ba5 Qb7 16. c4 Rb8 17. cxd5 cxd5 18. Nc5 Bxc5 19. dxc5 Ne7 20. Qa4 Nc6 21. Bd2 Bxf3 22. Bxf3 Qb5 23. Qg4 Kf8 24. Bxd5 Ncxe5 25. Qf4 Kg8 26. Be4 Rc8 27. b4 Nd3 28. Bxd3 Qxd3 29. Qd6 Qxd6 30. cxd6 Kh7 31. Rc7 Rxc7 32. dxc7 Rc8 33. Rc1 Kg6 34. Be3 a6 35. f3 Kf5 36. Rc4 g5 37. Kf2 f6 38. f4 g4 39. h3 g3+ 40. Ke2 e5 41. Kf3 Ke6 42. Rc3 Kf5 43. Rc6 Nf8 44. fxe5 Nd7 45. Bd4 fxe5 46. Bc5 Nf6 47. Be7 e4+ 48. Ke2 Nd5 49. Bxh4 Kf4 50. Bd8 Ke5 51. Rc5 Kd4 52. Rxd5+ Kxd5 53. h4 a5 54. bxa5 Ra8 55. h5 Ke6 56. h6 Kf7 57. Ke3 Kg6 58. Kxe4 Kxh6 59. a6 Kg6 60. Kd5 Kf5 61. a7 Kf4 62. Kc6 Rxa7 63. c8Q Ra2 64. Bg5+ 1-0

[Event "Dieren op"]
[Site "Dieren"]
[Date "2007.07.30"]
[Round "6"]
[White "Van Vliet, Harry"]
[Black "Struik, Tjapko"]
[Result "0-1"]
[WhiteElo "2023"]
[BlackElo "2185"]
[PlyCount "26"]
[EventDate "2007.07.24"]
[EventType "swiss"]
[EventRounds "9"]
[EventCountry "NED"]
[SourceTitle "CBM 119 Extra"]
[Source "ChessBase"]
[SourceDate "2007.09.04"]
[SourceVersion "1"]
[SourceVersionDate "2007.09.04"]
[SourceQuality "1"]

1. d4 d5 2. Nf3 Nf6 3. e3 e6 4. c4 dxc4 5. Bxc4 c5 6. Nc3 a6 7. a4 Nc6 8. 0-0 Be7 9. dxc5 0-0 10. Qe2 Bxc5 11. Rd1 Qc7 12. e4 Ng4 13. Rf1 Nd4 0-1

[Event "Dieren op"]
[Site "Dieren"]
[Date "2006.07.27"]
[Round "3"]
[White "Ten Hagen, Yorick"]
[Black "Struik, Tjapko"]
[Result "0-1"]
[WhiteElo "2127"]
[BlackElo "2244"]
[PlyCount "80"]
[EventDate "2006.07.25"]
[EventType "swiss"]
[EventRounds "9"]
[EventCountry "NED"]
[SourceTitle "CBM 113 Extra"]
[Source "ChessBase"]
[SourceDate "2006.09.14"]
[SourceVersion "1"]
[SourceVersionDate "2006.09.14"]
[SourceQuality "1"]

1. e4 c6 2. d4 d5 3. Nc3 dxe4 4. Nxe4 Nd7 5. Nf3 Ngf6 6. Ng3 e6 7. Bd3 c5 8. 0-0 cxd4 9. Nxd4 Bc5 10. Nb3 Be7 11. Qe2 0-0 12. Bd2 Nc5 13. Nxc5 Bxc5 14. Nh5 g6 15. Ng3 Qc7 16. Qf3 Kg7 17. Bc3 e5 18. Nf5+ Bxf5 19. Bxf5 Rad8 20. Qg3 Bd4 21. Bxd4 Rxd4 22. Bd3 Nh5 23. Qe3 Nf4 24. Be4 f5 25. Bf3 Rfd8 26. g3 Nd5 27. Qe2 e4 28. Bg2 Nf6 29. Rfd1 Qd7 30. Rxd4 Qxd4 31. Qb5 Ng4 32. Qe2 Qxb2 33. Qe1 Qxc2 34. Rc1 Qd2 35. Rc7+ Kh6 36. Qf1 e3 37. Bxb7 exf2+ 38. Kh1 Qe1 39. Rc1 Qxf1+ 40. Rxf1 Ne3 0-1

[Event "Hengelo U20 op"]
[Site "Hengelo"]
[Date "2005.08.12"]
[Round "8"]
[White "Struik, Tjapko"]
[Black "Brandenburg, Rik"]
[Result "1-0"]
[WhiteElo "2206"]
[BlackElo "1840"]
[PlyCount "67"]
[EventDate "2005.08.??"]
[EventType "swiss"]
[EventRounds "9"]
[EventCountry "NED"]
[SourceTitle "CBM 107 Extra"]
[Source "ChessBase"]
[SourceDate "2005.09.01"]
[SourceVersion "1"]
[SourceVersionDate "2005.09.01"]
[SourceQuality "1"]

1. d4 g6 2. c4 Bg7 3. Nf3 d6 4. e4 Nd7 5. g3 c5 6. d5 Ngf6 7. Nc3 0-0 8. Bg2 a6 9. a4 Re8 10. 0-0 Nb6 11. Qd3 Bd7 12. h3 Qc7 13. Bg5 h6 14. Be3 Rad8 15. Nd2 Kh7 16. f4 e5 17. a5 Nc8 18. b4 cxb4 19. Na4 exf4 20. gxf4 Nxe4 21. Nxe4 f5 22. Nd2 Bxa1 23. Rxa1 Qxa5 24. Bd4 b5 25. Nb6 bxc4 26. Ndxc4 Qb5 27. Ra5 Nxb6 28. Bxb6 Rc8 29. Rxb5 Bxb5 30. Qd4 Rxc4 31. Qf6 Re1+ 32. Kf2 Rd1 33. Qf7+ Kh8 34. Bd8 1-0

[Event "Hengelo U20 op"]
[Site "Hengelo"]
[Date "2005.08.08"]
[Round "1"]
[White "Ootes, Lennart"]
[Black "Struik, Tjapko"]
[Result "0-1"]
[WhiteElo "1846"]
[BlackElo "2206"]
[PlyCount "96"]
[EventDate "2005.08.??"]
[EventType "swiss"]
[EventRounds "9"]
[EventCountry "NED"]
[SourceTitle "CBM 107 Extra"]
[Source "ChessBase"]
[SourceDate "2005.09.01"]
[SourceVersion "1"]
[SourceVersionDate "2005.09.01"]
[SourceQuality "1"]

1. e4 c6 2. d4 d5 3. Nd2 dxe4 4. Nxe4 Nd7 5. Nf3 Ngf6 6. Ng3 e6 7. c3 c5 8. Bd3 cxd4 9. Nxd4 Bc5 10. 0-0 0-0 11. Ne4 Nxe4 12. Bxe4 Nf6 13. Bg5 h6 14. Bxf6 Qxf6 15. Nb3 Bb6 16. Qf3 Qxf3 17. Bxf3 e5 18. Rad1 f5 19. Bd5+ Kh7 20. Rfe1 Re8 21. c4 Rb8 22. c5 Bc7 23. Nd2 b6 24. b4 bxc5 25. bxc5 Ba5 26. Re2 Rb2 27. Kf1 Ba6 28. Nc4 Rxe2 29. Kxe2 Rc8 30. Ke3 Bc3 31. Nd6 Rxc5 32. Nxf5 Bd4+ 33. Ke4 Bxf2 34. Kxe5 Bc4 35. Ke4 Bb5 36. Ne7 Bh4 37. Bg8+ Kh8 38. Ng6+ Kxg8 39. Nxh4 Rc2 40. Kf5 Rf2+ 41. Ke5 Rxa2 42. Rd8+ Kh7 43. h3 Re2+ 44. Kf5 Re7 45. Rh8+ Kxh8 46. Ng6+ Kh7 47. Nxe7 Bf1 48. h4 Bxg2 0-1

[Event "Dieren op"]
[Site "Dieren"]
[Date "2004.08.05"]
[Round "9"]
[White "Struik, Tjapko"]
[Black "Verholt, Gerard"]
[Result "1-0"]
[WhiteElo "2164"]
[BlackElo "2116"]
[PlyCount "143"]
[EventDate "2004.07.27"]
[EventType "swiss"]
[EventRounds "9"]
[EventCountry "NED"]
[SourceTitle "CBM 101 Extra"]
[Source "ChessBase"]
[SourceDate "2004.09.01"]
[SourceVersion "2"]
[SourceVersionDate "2004.09.01"]
[SourceQuality "1"]

1. e4 e5 2. Bc4 Nf6 3. d4 Nc6 4. Nf3 Nxe4 5. dxe5 Nc5 6. Bf4 Ne6 7. Bg3 Bc5 8. Nc3 Bb4 9. Qd2 Qe7 10. a3 Ba5 11. 0-0 Qc5 12. Bxe6 dxe6 13. b4 Nxb4 14. axb4 Bxb4 15. Rfd1 0-0 16. Ne4 Bxd2 17. Nxc5 Bb4 18. Ne4 b6 19. c3 Be7 20. Nd4 Bb7 21. f3 a6 22. c4 Rfd8 23. Nc2 a5 24. Nc3 c6 25. Bf2 Rxd1+ 26. Rxd1 Ba6 27. Bxb6 Bxc4 28. Nd4 Bb4 29. Ne4 Bd5 30. Rb1 h6 31. Kf2 Ra6 32. Bc7 c5 33. Nc2 Rc6 34. Nxb4 axb4 35. Bd6 Bxe4 36. fxe4 f6 37. Ke3 fxe5 38. Bxe5 Ra6 39. Kd3 Ra2 40. Rb2 Ra1 41. Rc2 Ra3+ 42. Kc4 Re3 43. Kxc5 Rxe4 44. Kd6 Rg4 45. Kxe6 Rg6+ 46. Kd5 b3 47. Rb2 Rg4 48. g3 Rb4 49. Bc3 Rb7 50. Kc4 Kh7 51. Rxb3 Rf7 52. Kd5 Rd7+ 53. Ke4 Kg6 54. Be5 Kh5 55. h3 Kg6 56. Rc3 Ra7 57. Rc7 Ra4+ 58. Kd3 Ra3+ 59. Bc3 Kh5 60. Rc5+ g5 61. Rc6 g4 62. Rc5+ Kg6 63. hxg4 Ra4 64. Rc4 Rxc4 65. Kxc4 Kg5 66. Be1 Kxg4 67. Kd3 Kf3 68. Kd2 h5 69. Kd3 Kg2 70. Ke2 Kg1 71. Kf3 Kh2 72. Kf4 1-0

[Event "Dieren op"]
[Site "Dieren"]
[Date "2004.08.03"]
[Round "7"]
[White "Struik, Tjapko"]
[Black "Pruijssers, Roeland"]
[Result "0-1"]
[WhiteElo "2164"]
[BlackElo "2257"]
[PlyCount "106"]
[EventDate "2004.07.27"]
[EventType "swiss"]
[EventRounds "9"]
[EventCountry "NED"]
[SourceTitle "CBM 101 Extra"]
[Source "ChessBase"]
[SourceDate "2004.09.01"]
[SourceVersion "2"]
[SourceVersionDate "2004.09.01"]
[SourceQuality "1"]

1. e4 e5 2. Nf3 Nc6 3. Bb5 a6 4. Ba4 Nf6 5. 0-0 Nxe4 6. d4 b5 7. Bb3 d5 8. dxe5 Be6 9. Nbd2 Nc5 10. c3 d4 11. Bxe6 Nxe6 12. cxd4 Nexd4 13. Ne4 Nxf3+ 14. Qxf3 Nd4 15. Qh5 Be7 16. Be3 g6 17. Qh3 Nf5 18. Rad1 Qc8 19. Nf6+ Bxf6 20. exf6 0-0 21. g4 Nxe3 22. fxe3 h5 23. Rf4 Qe6 24. Rdf1 Rfe8 25. R1f3 Rad8 26. gxh5 Rd1+ 27. Kf2 Qxa2 28. hxg6 Qxb2+ 29. Kg3 Rg1+ 30. Kh4 Rxg6 31. Rg4 Qb1 32. Qg3 Re4 33. Rff4 Rxf4 34. Qxf4 Rxg4+ 35. Qxg4+ Qg6 36. Qc8+ Kh7 37. Qxc7 Qxf6+ 38. Kh3 Qe6+ 39. Kg2 Qe4+ 40. Kf2 Qf5+ 41. Ke2 b4 42. Qe7 b3 43. Qh4+ Kg6 44. Qg3+ Kh5 45. Qb8 Qc2+ 46. Kf3 b2 47. Qh8+ Kg6 48. Qg8+ Kf6 49. Qh8+ Ke7 50. Qe5+ Kd7 51. Qd5+ Kc7 52. Qa5+ Kb7 53. Qb4+ Kc6 0-1

[Event "Groningen Harmonie op-A"]
[Site "Groningen"]
[Date "2003.12.29"]
[Round "8"]
[White "Wang, Yu A"]
[Black "Struik, Tjapko"]
[Result "1-0"]
[WhiteElo "2367"]
[BlackElo "2182"]
[PlyCount "89"]
[EventDate "2003.12.21"]
[EventType "swiss"]
[EventRounds "9"]
[EventCountry "NED"]
[SourceTitle "CBM 097 Extra"]
[Source "ChessBase"]
[SourceDate "2004.01.13"]
[SourceVersion "1"]
[SourceVersionDate "2004.01.13"]
[SourceQuality "1"]

1. e4 c5 2. Nf3 e6 3. d4 cxd4 4. Nxd4 Nf6 5. Nc3 d6 6. Be3 Nc6 7. f3 Be7 8. Qd2 0-0 9. 0-0-0 a6 10. Kb1 Nd7 11. h4 Nxd4 12. Qxd4 b5 13. Bg5 Bxg5 14. hxg5 Qxg5 15. Qxd6 Qe5 16. Be2 Qxd6 17. Rxd6 Rb8 18. Rhd1 Nb6 19. a3 f6 20. Na2 Re8 21. Nb4 Kf8 22. f4 g6 23. b3 f5 24. e5 a5 25. Nc6 Ra8 26. Bxb5 Nd5 27. Kb2 Ba6 28. Bxa6 Rxa6 29. g3 h6 30. c4 Ne3 31. R1d3 Ng4 32. Rd2 g5 33. b4 axb4 34. axb4 gxf4 35. gxf4 h5 36. b5 Ra4 37. Kb3 Ra1 38. b6 h4 39. b7 Rb1+ 40. Rb2 Rxb2+ 41. Kxb2 h3 42. Nd8 h2 43. b8Q h1Q 44. Nxe6+ Kf7 45. Rd7+ 1-0